00909nam a2200241Ia 450000500170000000800410001704000190005804100120007708200150008910000300010424500650013426000270019930000100022644000310023650400190026765000190028685000100030594200070031599900160032295201020033895201140044095201130055420230522143737.0131103s9999 xx 000 0 und d aLoreto College aEnglish a824.8bMAC aMacaulay,Thomas Babington aCritical and historical essayscby Thomas Babington Macaulay aLondonbJ.M.Dentc1961 aV. 1  aEveryman's Library; No.225 aIncludes index aEnglish essays aLCLIB cBK c5038d55517 00102ddc4070aMAINbMAINd2013-11-04l0o824.8 MAC 26959pB24846r2013-11-04w2013-11-04yBKf 00102ddc4070aMAINbMAINd2013-11-04l1o824.8 MAC 26962pB24854r2018-08-08s2018-08-08w2013-11-04yBKf 00102ddc4070aMAINbMAINd2013-11-04l1o824.8 MAC 26963pB4906r2018-08-08s2018-08-08w2013-11-04yBKf